[Event "?"]
[Site "?"]
[Date "2011.06.02"]
[Round "1.1"]
[White "Ovsejevitsch, Sergei"]
[Black "Marquardt, Patrick"]
[Result "1-0"]
[WhiteElo "2585"]
[BlackElo "2031"]
[PlyCount "87"]
[EventDate "2011.??.??"]
[WhiteTeam "SK Gau-Algesheim"]
[BlackTeam "SG Donautal Tuttlingen"]

1. d4 d5 2. c4 e6 3. Nc3 c5 4. cxd5 exd5 5. Nf3 Nc6 6. g3 Nf6 7. Bg2 Be7 8. O-O
O-O 9. dxc5 Bxc5 10. Na4 Be7 11. Be3 Re8 12. Rc1 Bg4 13. h3 Bh5 14. Nd4 Nxd4
15. Bxd4 Ne4 16. g4 Bg6 17. f3 Ng3 18. Re1 Bb4 19. Nc3 h5 20. a3 Bxc3 21. Rxc3
hxg4 22. hxg4 f5 23. Bf2 f4 24. e3 d4 25. exd4 Qd6 26. Rc5 Rxe1+ 27. Qxe1 Re8
28. Re5 Rxe5 29. Qxe5 Qxe5 30. dxe5 Ne2+ 31. Kf1 Nc1 32. Bxa7 Kf7 33. e6+ Kxe6
34. Bd4 Kd5 35. Bxg7 Kc4 36. Ke1 Nd3+ 37. Kd2 Kb3 38. Bf1 Nxb2 39. Bxb2 Kxb2
40. Bd3 Bf7 41. g5 Kxa3 42. g6 Bg8 43. Kc3 Ka4 44. Bc4 1-0

[Event "?"]
[Site "?"]
[Date "2011.06.02"]
[Round "1.2"]
[White "Braun, Rüdiger-Thomas"]
[Black "Korneev, Oleg"]
[Result "0-1"]
[WhiteElo "2030"]
[BlackElo "2573"]
[PlyCount "60"]
[EventDate "2011.??.??"]
[WhiteTeam "SF Birkenfeld"]

1. e4 c5 2. Nf3 e6 3. d4 cxd4 4. Nxd4 a6 5. Nc3 Qc7 6. g3 Bb4 7. Bd2 Nc6 8.
Nce2 Be7 9. Bg2 Nf6 10. c3 O-O 11. O-O d6 12. Nf4 Ne5 13. Qb3 Nc4 14. Nf3 Nxe4
15. Rad1 b5 16. Rfe1 Bb7 17. Bc1 d5 18. Qc2 Rfe8 19. Qe2 b4 20. cxb4 Bxb4 21.
Rf1 a5 22. a3 Bd6 23. Nh5 Ba6 24. Rfe1 Nxa3 25. Qe3 Nc2 26. Qb3 Rab8 27. Qa2
Nxe1 28. Nxe1 Bc4 29. Qa1 Be2 30. Bxe4 Bxd1 0-1

[Event "?"]
[Site "?"]
[Date "2011.06.02"]
[Round "1.3"]
[White "Ikonnikov, Viacheslav"]
[Black "Färber, Eric"]
[Result "1-0"]
[WhiteElo "2557"]
[BlackElo "2030"]
[PlyCount "95"]
[EventDate "2011.??.??"]
[WhiteTeam "SK 1879 HD-Handschuhsheim"]
[BlackTeam "SC Leinfelden"]

1. d4 Nf6 2. Nf3 g6 3. c4 Bg7 4. Nc3 O-O 5. e4 d6 6. Be2 e5 7. O-O Nc6 8. d5
Ne7 9. Ne1 Ne8 10. Be3 f5 11. f3 f4 12. Bf2 g5 13. c5 Rf6 14. a4 h5 15. a5 Rg6
16. cxd6 cxd6 17. Nb5 a6 18. Bb6 Qd7 19. Na7 g4 20. Rc1 gxf3 21. Bxf3 h4 22.
Bh5 Rg5 23. Bxe8 Qxe8 24. Nxc8 Rxc8 25. Nf3 Rh5 26. h3 Bf6 27. Qb3 Qd7 28.
Rxc8+ Nxc8 29. Bf2 Qc7 30. Qa4 Kf7 31. Qa1 Rh7 32. Rc1 Qd8 33. Rc2 Ne7 34. Bb6
Qg8 35. Rc7 Rg7 36. Qf1 Qb8 37. Qc1 Qg8 38. Qc2 Rg3 39. Kf1 Qh7 40. Rxb7 Qh5
41. Qe2 Kg7 42. Bc7 Qe8 43. Bxd6 Qa4 44. Bxe7 Bxe7 45. Rxe7+ Kf8 46. Rxe5 Qa1+
47. Kf2 Qh1 48. Qf1 1-0

[Event "?"]
[Site "?"]
[Date "2011.06.02"]
[Round "1.4"]
[White "Gentner, Markus"]
[Black "Teske, Henrik"]
[Result "0-1"]
[WhiteElo "2023"]
[BlackElo "2534"]
[PlyCount "72"]
[EventDate "2011.??.??"]
[WhiteTeam "SC Murrhardt 1948 e.V."]
[BlackTeam "SC 1950 Remagen"]

1. Nf3 Nc6 2. d4 d5 3. e3 Bg4 4. c4 Nf6 5. Nc3 e6 6. Qb3 Bxf3 7. gxf3 a6 8.
cxd5 exd5 9. Bd2 Be7 10. Bd3 O-O 11. Ne2 Qd7 12. Nf4 Nd8 13. O-O-O b5 14. Bc2
Nb7 15. Qd3 c5 16. Rhg1 c4 17. Qf5 Qxf5 18. Bxf5 b4 19. Ne2 a5 20. Bc2 a4 21.
e4 a3 22. b3 cxb3 23. Bxb3 dxe4 24. Ng3 Nd6 25. Bxb4 Rfc8+ 26. Kb1 Ra7 27. Bxd6
Bxd6 28. Nf5 Bxh2 29. Rxg7+ Kh8 30. Rh1 Bf4 31. fxe4 Rac7 32. Rgg1 Nxe4 33. Ne3
f5 34. Nd5 Rc1+ 35. Rxc1 Bxc1 36. Rd1 Nd2+ 0-1

[Event "?"]
[Site "?"]
[Date "2011.06.02"]
[Round "1.5"]
[White "Lobzhanidze, Davit"]
[Black "Pelezki, Eugen"]
[Result "1-0"]
[WhiteElo "2474"]
[BlackElo "2016"]
[PlyCount "52"]
[EventDate "2011.??.??"]
[WhiteTeam "SV 1920 Hofheim"]
[BlackTeam "SV 1947 Wendlingen"]

1. e4 c5 2. Nf3 a6 3. c3 Qa5 4. Bd3 Nc6 5. O-O e6 6. Bc2 c4 7. Qe2 b5 8. a4 Bb7
9. Na3 Qb6 10. axb5 axb5 11. d3 Bxa3 12. bxa3 Nf6 13. d4 Qc7 14. Bg5 Ng4 15. h3
h6 16. Bh4 Nf6 17. Nd2 Qa5 18. Qe3 g5 19. Bg3 d5 20. f4 g4 21. f5 dxe4 22. Bxe4
gxh3 23. fxe6 Nxe4 24. exf7+ Kd7 25. Nxe4 Nb8 26. Nc5+ Kc8 1-0

[Event "?"]
[Site "?"]
[Date "2011.06.02"]
[Round "1.6"]
[White "Stitterich, Nadine"]
[Black "Dobosz, Henryk"]
[Result "0-1"]
[WhiteElo "2015"]
[BlackElo "2396"]
[PlyCount "54"]
[EventDate "2011.??.??"]
[WhiteTeam "SV Stuttgart-Wolfbusch 1956 e.V."]
[BlackTeam "BG Buchen"]

1. e4 c5 2. Nf3 g6 3. d4 Bg7 4. Nc3 Qa5 5. Be3 Nf6 6. Qd2 Na6 7. O-O-O Ng4 8.
Kb1 Nxe3 9. fxe3 O-O 10. Nd5 Qd8 11. Bc4 Rb8 12. Qe2 Nc7 13. c3 b5 14. Bb3 b4
15. cxb4 Nxd5 16. exd5 cxd4 17. exd4 Rxb4 18. Rhe1 e6 19. Ne5 Qb6 20. Nc4 Qb8
21. Ne5 Qd6 22. dxe6 dxe6 23. d5 exd5 24. Bxd5 Qf6 25. Qd2 Bf5+ 26. Ka1 Rfb8
27. Nc4 Rxc4 0-1

[Event "?"]
[Site "?"]
[Date "2011.06.02"]
[Round "1.7"]
[White "Reich, Thomas"]
[Black "Schuster, Gerhard"]
[Result "1-0"]
[WhiteElo "2381"]
[BlackElo "2015"]
[PlyCount "43"]
[EventDate "2011.??.??"]
[WhiteTeam "FC Bayern München e.V."]
[BlackTeam "SC Feuerbach e. V."]

1. e4 c6 2. d4 d5 3. exd5 cxd5 4. c4 Nf6 5. Nc3 e6 6. Nf3 Bb4 7. cxd5 Nxd5 8.
Bd2 b6 9. Bb5+ Bd7 10. Bd3 Nxc3 11. bxc3 Bd6 12. O-O Nc6 13. Re1 Qc7 14. d5 Ne7
15. dxe6 Bxe6 16. Nd4 Bxh2+ 17. Kh1 O-O-O 18. Qf3 Rd6 19. Qa8+ Kd7 20. Bb5+ Nc6
21. Bxc6+ Qxc6 22. Qxc6+ 1-0

[Event "?"]
[Site "?"]
[Date "2011.06.02"]
[Round "1.8"]
[White "Fahnenschmidt, Gerhard"]
[Black "Strunski, Andreas"]
[Result "0-1"]
[WhiteElo "2014"]
[BlackElo "2347"]
[PlyCount "84"]
[EventDate "2011.??.??"]
[WhiteTeam "VfL Sindelfingen"]
[BlackTeam "Stuttgarter SF 1879"]

1. c4 g6 2. e4 Bg7 3. d4 d6 4. Nc3 Nf6 5. Be2 O-O 6. Bg5 Na6 7. f4 Qe8 8. Nf3
e5 9. fxe5 dxe5 10. dxe5 Ng4 11. Nd5 c6 12. Nf6+ Bxf6 13. Bxf6 Nxf6 14. exf6
Qxe4 15. O-O Bg4 16. Qd2 Rfe8 17. Rae1 Qe3+ 18. Qxe3 Rxe3 19. Kf2 Re6 20. Kg3
Bxf3 21. Bxf3 Rxf6 22. Re7 Rb8 23. a3 Kf8 24. Rfe1 Nc5 25. b4 Re6 26. R1xe6
Nxe6 27. Rd7 Ke8 28. Rd1 Rd8 29. Rb1 Rd3 30. a4 c5 31. bxc5 Nxc5 32. a5 Nb3 33.
Kf4 Nxa5 34. c5 Rb3 35. Re1+ Kf8 36. Kg5 Kg7 37. Re7 Rb4 38. g4 Nc6 39. Rc7 Ne5
40. Be2 h6+ 41. Kh4 Rb3 42. Re7 g5+ 0-1

[Event "?"]
[Site "?"]
[Date "2011.06.02"]
[Round "1.9"]
[White "Graf, Felix"]
[Black "Lebeda, Timo"]
[Result "1-0"]
[WhiteElo "2318"]
[BlackElo "2013"]
[PlyCount "75"]
[EventDate "2011.??.??"]
[WhiteTeam "FC Bayern München e.V."]
[BlackTeam "SAbt VFB Reichenbach"]

1. d4 d5 2. c4 c6 3. Nf3 Nf6 4. Nc3 a6 5. Ne5 b5 6. cxd5 cxd5 7. Qb3 e6 8. Bg5
Be7 9. e3 O-O 10. Bd3 Bb7 11. a4 b4 12. Ne2 Ne4 13. Bxe7 Qxe7 14. f3 Nf6 15. a5
Nc6 16. Nxc6 Bxc6 17. O-O e5 18. dxe5 Qxe5 19. Kh1 g6 20. Nd4 Bd7 21. Rfe1 Qd6
22. Bf1 Rfc8 23. Rec1 Ne8 24. Kg1 Ng7 25. Rxc8+ Rxc8 26. Qd3 Nf5 27. Nxf5 Bxf5
28. Qd4 Bc2 29. e4 Bb3 30. exd5 Rc2 31. Re1 Ba4 32. b3 Bd7 33. Bc4 Qc7 34. d6
Rxc4 35. bxc4 Qxa5 36. Ra1 Qg5 37. Rxa6 Bh3 38. Ra8+ 1-0

[Event "?"]
[Site "?"]
[Date "2011.06.02"]
[Round "1.10"]
[White "Mock, Oskar"]
[Black "Holzhäuer, Mathias"]
[Result "1/2-1/2"]
[WhiteElo "1993"]
[BlackElo "2297"]
[PlyCount "64"]
[EventDate "2011.??.??"]
[WhiteTeam "Stuttgarter SF 1879"]
[BlackTeam "SK Schmiden/Cannstatt"]

1. e4 d5 2. exd5 Nf6 3. c4 e6 4. d4 exd5 5. Nf3 Bb4+ 6. Nc3 O-O 7. Be2 Ne4 8.
Qb3 Bxc3+ 9. bxc3 dxc4 10. Bxc4 Nc6 11. Bd3 Nd6 12. O-O h6 13. Bf4 b6 14. Rfe1
Bb7 15. Ne5 Ne7 16. Qc2 Nd5 17. Bg3 b5 18. a3 Rc8 19. c4 bxc4 20. Nxc4 Nxc4 21.
Qxc4 Nb6 22. Qc5 Qf6 23. Rac1 g6 24. Qe5 Qxe5 25. Rxe5 Rfd8 26. Be4 Bd5 27. h4
Rd7 28. h5 f6 29. Bxd5+ Nxd5 30. Re6 g5 31. Ra6 Ra8 32. Rcc6 Kf7 1/2-1/2

[Event "?"]
[Site "?"]
[Date "2011.06.02"]
[Round "1.11"]
[White "Kabisch, Thilo"]
[Black "Yin, Stanley"]
[Result "1-0"]
[WhiteElo "2291"]
[BlackElo "1990"]
[PlyCount "41"]
[EventDate "2011.??.??"]
[WhiteTeam "SK Schmiden/Cannstatt"]
[BlackTeam "SK Klosterlechfeld"]

1. e4 b6 2. c4 e6 3. Nc3 Bb7 4. Nf3 d6 5. d4 Nd7 6. Bd3 h6 7. Be3 Ne7 8. Qd2 g5
9. O-O-O Bg7 10. h4 g4 11. Nh2 h5 12. f3 Ng6 13. fxg4 Qxh4 14. g5 e5 15. g3 Qh3
16. d5 Nc5 17. Be2 Qd7 18. Nf1 h4 19. gxh4 Nxh4 20. Ng3 O-O-O 21. Nh5 1-0

[Event "?"]
[Site "?"]
[Date "2011.06.02"]
[Round "1.12"]
[White "Boyard, Marie"]
[Black "Günthner, Oliver"]
[Result "1/2-1/2"]
[WhiteElo "1989"]
[BlackElo "2276"]
[PlyCount "154"]
[EventDate "2011.??.??"]
[BlackTeam "SK Neuhausen"]

1. e4 c5 2. Nf3 d6 3. d4 cxd4 4. Nxd4 Nf6 5. Nc3 a6 6. Be2 e5 7. Nb3 Be6 8. Bf3
Be7 9. Be3 Nbd7 10. Qe2 h5 11. O-O-O b5 12. g3 Bc4 13. Qd2 a5 14. Nd5 Nxd5 15.
exd5 a4 16. Qb4 axb3 17. axb3 e4 18. Bxe4 Be2 19. Rde1 Bg4 20. h3 Ra1+ 21. Kd2
Rxe1 22. Kxe1 f5 23. Bg2 f4 24. hxg4 fxe3 25. fxe3 Qb6 26. Ke2 Nf6 27. gxh5
Rxh5 28. Rxh5 Nxh5 29. Qg4 Nf6 30. Qxg7 Qa6 31. Qg6+ Kd8 32. Qd3 Ng4 33. Bh3
Ne5 34. Qf5 b4+ 35. Kd2 Qa8 36. Qe4 Qb7 37. Be6 Kc7 38. g4 Qb8 39. Qh7 Qf8 40.
Qf5 Qh8 41. Qh5 Qf6 42. Bf5 Qh4 43. Qxh4 Bxh4 44. c3 Kb6 45. cxb4 Kb5 46. Kc3
Bf6 47. Kc2 Kxb4 48. Bc8 Bg5 49. e4 Bf6 50. Bf5 Nf3 51. Bc8 Ne5 52. Bf5 Kc5 53.
Be6 Kd4 54. Bf5 Nd3 55. b4 Nxb4+ 56. Kb3 Kc5 57. Be6 Nd3 58. Kc2 Nxb2 59. g5
Bg7 60. Kd2 Kd4 61. Bf5 Nc4+ 62. Ke2 Ne5 63. Kf2 Nf7 64. g6 Ng5 65. Kg2 Nxe4
66. Be6 Nf6 67. Kf3 Nxd5 68. Kg4 Ne3+ 69. Kg5 Ke5 70. Bc8 d5 71. Ba6 Nc4 72.
Bb7 d4 73. Bf3 d3 74. Bd1 Ne3 75. Ba4 d2 76. Bb3 d1=Q 77. Bxd1 Nxd1 {black
later forfeited on time} 1/2-1/2

[Event "?"]
[Site "?"]
[Date "2011.06.02"]
[Round "1.13"]
[White "Neyman, Igor"]
[Black "Steinhart, Christoph"]
[Result "1-0"]
[WhiteElo "2262"]
[BlackElo "1979"]
[PlyCount "85"]
[EventDate "2011.??.??"]
[WhiteTeam "SGem Vaihingen-Rohr"]
[BlackTeam "TSV Schönaich"]

1. d4 Nf6 2. c4 e6 3. Nc3 Bb4 4. e3 b6 5. Nge2 Bb7 6. a3 Be7 7. d5 d6 8. g3
Nbd7 9. Bg2 a5 10. O-O Nc5 11. b3 exd5 12. cxd5 a4 13. Nxa4 Nxa4 14. bxa4 Nd7
15. Bb2 Bf6 16. Bd4 O-O 17. Nc3 Bxd4 18. exd4 Nf6 19. Qb3 Ra5 20. Nb5 Qd7 21.
Rfc1 Rc8 22. Rc3 Ba6 23. Na7 Bc4 24. Rxc4 Rxa7 25. Rac1 Ne8 26. Rb4 Rca8 27.
Rcc4 Qf5 28. Rb5 h6 29. h3 Qf6 30. Qc2 Qe7 31. Bf3 Qe1+ 32. Kg2 Qa1 33. Bd1
Qxa3 34. Rb3 Qa1 35. Rb1 Qa3 36. Rb3 Qa1 37. Rb2 b5 38. Rxb5 Nf6 39. Rb1 Qa3
40. Rb3 Qa1 41. Rb2 Rxa4 42. Rxa4 Rxa4 43. Rb8+ 1-0

[Event "?"]
[Site "?"]
[Date "2011.06.02"]
[Round "1.14"]
[White "Feller, Florian"]
[Black "Wagner, Florian"]
[Result "0-1"]
[WhiteElo "1986"]
[BlackElo "2249"]
[PlyCount "68"]
[EventDate "2011.??.??"]
[WhiteTeam "SGem Vaihingen-Rohr"]
[BlackTeam "SC Noris-Tarrasch Nürnberg 1873"]

1. e4 c5 2. Nf3 e6 3. d4 cxd4 4. Nxd4 a6 5. g3 b6 6. Bg2 Bb7 7. O-O Qc7 8. Nc3
Nf6 9. h3 Be7 10. Nde2 d6 11. g4 h5 12. g5 Nfd7 13. f4 Nc6 14. Rb1 b5 15. b4
Nb6 16. Rb3 Nc4 17. Nb1 Nxb4 18. Rxb4 Qc5+ 19. Qd4 Qxb4 20. Qxg7 Rf8 21. Nd4
Qxb1 22. g6 Qa1 23. Be3 Qc3 24. Bf2 O-O-O 25. gxf7 Ne3 26. Re1 Nxg2 27. Kxg2
Qc4 28. Qg6 e5 29. Ne6 exf4 30. Nxd8 Bxd8 31. Qxd6 Rxf7 32. Rd1 Qxe4+ 33. Kf1
Qg2+ 34. Ke1 Re7+ 0-1

[Event "?"]
[Site "?"]
[Date "2011.06.02"]
[Round "1.15"]
[White "Schuh, Karsten"]
[Black "Stierle, Martin"]
[Result "1-0"]
[WhiteElo "2249"]
[BlackElo "1977"]
[PlyCount "55"]
[EventDate "2011.??.??"]
[WhiteTeam "SC Böblingen 1975 e.V."]
[BlackTeam "SG Donautal Tuttlingen"]

1. c4 f5 2. Nc3 Nf6 3. g3 g6 4. Bg2 Bg7 5. Nf3 O-O 6. O-O d6 7. d3 c6 8. Rb1
Qe8 9. b4 Na6 10. b5 Nc5 11. Ba3 Bd7 12. Bxc5 dxc5 13. Ne5 Ne4 14. Nxe4 fxe4
15. Nxd7 Qxd7 16. bxc6 bxc6 17. Bxe4 Rab8 18. Qa4 Rb6 19. Rxb6 axb6 20. Bxc6
Qf5 21. Bf3 Bd4 22. Qc6 g5 23. Kg2 Kg7 24. Be4 Qg4 25. e3 Bxe3 26. Bf3 Qd4 27.
fxe3 Qxd3 28. Qe4 1-0

[Event "?"]
[Site "?"]
[Date "2011.06.02"]
[Round "1.16"]
[White "Probst, Alexander"]
[Black "Häcker, Alexander"]
[Result "0-1"]
[WhiteElo "1971"]
[BlackElo "2249"]
[PlyCount "108"]
[EventDate "2011.??.??"]
[WhiteTeam "SC Blau.Turm Bad Wimpfen"]
[BlackTeam "SV Stuttgart-Wolfbusch 1956 e.V."]

1. Nf3 d5 2. d4 c6 3. g3 Bf5 4. Bg2 Nf6 5. O-O h6 6. c4 e6 7. Nc3 Nbd7 8. Qb3
Qb6 9. Qa4 Be7 10. c5 Qd8 11. b4 O-O 12. Bb2 Qc7 13. Qb3 b6 14. Na4 Rfb8 15.
cxb6 axb6 16. Rac1 Qa7 17. Nc3 c5 18. a3 Ne4 19. e3 Nxc3 20. Rxc3 Qa4 21. bxc5
bxc5 22. Qxa4 Rxa4 23. Bc1 c4 24. Nd2 Nb6 25. e4 Bh7 26. exd5 exd5 27. Re1 Bd6
28. Nf3 Be4 29. Nd2 Bd3 30. Nf3 Rba8 31. Ne5 Bf5 32. Ree3 Kf8 33. h3 Re8 34. f4
f6 35. Ng4 Raa8 36. Kf2 Bd3 37. Rxe8+ Rxe8 38. Be3 Be4 39. Bxe4 Rxe4 40. Kf3
Re8 41. Bc1 Re4 42. Ne3 Na4 43. Rc2 Rxd4 44. Kg4 g6 45. h4 h5+ 46. Kh3 Rd3 47.
Kg2 Bc5 48. Nxc4 dxc4 49. Rxc4 Rc3 50. Rxc3 Nxc3 51. f5 gxf5 52. Kf3 Bd6 53.
Bf4 Bxa3 54. Bd2 Ne4 0-1

[Event "?"]
[Site "?"]
[Date "2011.06.02"]
[Round "1.17"]
[White "Dudek, Richard"]
[Black "Schnepel, Thomas"]
[Result "1-0"]
[WhiteElo "2238"]
[BlackElo "1964"]
[PlyCount "39"]
[EventDate "2011.??.??"]
[WhiteTeam "SC Eppingen"]
[BlackTeam "SC Pforzheim 1906"]

1. e4 c5 2. Nc3 Nc6 3. g3 e6 4. Bg2 Nge7 5. d3 d5 6. exd5 exd5 7. Nge2 Bg4 8.
h3 Be6 9. O-O Ng6 10. d4 Qd7 11. Kh2 O-O-O 12. Be3 Bd6 13. dxc5 Bb8 14. Nd4
Nxd4 15. Qxd4 Be5 16. Qb4 d4 17. Rad1 Nh4 18. Bxd4 Nxg2 19. Bxe5 Qc6 20. Nb5
1-0

[Event "?"]
[Site "?"]
[Date "2011.06.02"]
[Round "1.18"]
[White "Kreiter, Thomas"]
[Black "Nabavi, Parwis"]
[Result "0-1"]
[WhiteElo "1962"]
[BlackElo "2226"]
[PlyCount "78"]
[EventDate "2011.??.??"]
[WhiteTeam "SC Tamm 74"]

1. d4 d5 2. Nf3 Nf6 3. Nbd2 e6 4. e3 Be7 5. Be2 O-O 6. O-O b6 7. Ne5 Bb7 8. f4
c5 9. c3 Nc6 10. Qe1 Rc8 11. Bd3 a6 12. a4 Rc7 13. Qe2 Qc8 14. h3 g6 15. e4
cxd4 16. Nxc6 Rxc6 17. cxd4 dxe4 18. Nxe4 Nxe4 19. Bxe4 Rd6 20. Bxb7 Qxb7 21.
Be3 Bf6 22. Qf2 Rfd8 23. Rfd1 Qe4 24. d5 Qb4 25. a5 bxa5 26. Bc5 Qxb2 27. Qxb2
Bxb2 28. Bxd6 Bxa1 29. Be7 Rd7 30. d6 Bb2 31. Rb1 Bd4+ 32. Kf1 a4 33. g4 f5 34.
Rb8+ Kf7 35. Rb4 Bc5 36. Rxa4 Bxd6 37. Bxd6 Rxd6 38. gxf5 exf5 39. Kf2 Ke6 {
time} 0-1

[Event "?"]
[Site "?"]
[Date "2011.06.02"]
[Round "1.19"]
[White "Aring, Gerd"]
[Black "Körber, Thomas"]
[Result "1-0"]
[WhiteElo "2205"]
[BlackElo "1961"]
[PlyCount "71"]
[EventDate "2011.??.??"]
[WhiteTeam "SV Nürtingen 1920"]
[BlackTeam "SF Fürth 1951 e.V."]

1. d4 f5 2. g3 Nf6 3. Bg2 g6 4. Nf3 Bg7 5. O-O O-O 6. c4 d6 7. Nc3 Nc6 8. b3 e5
9. dxe5 dxe5 10. Ba3 Re8 11. Nb5 Bd7 12. Ng5 e4 13. Bb2 a6 14. Bxf6 Bxf6 15.
Qd5+ Be6 16. Nxe6 Qxd5 17. cxd5 axb5 18. Nxc7 Bxa1 19. dxc6 Be5 20. Nxe8 Rxe8
21. cxb7 Rb8 22. f3 Rxb7 23. fxe4 fxe4 24. Bxe4 Ra7 25. Rd1 Rxa2 26. Rd5 Bc3
27. Bd3 b4 28. Rd7 Ra5 29. Bc4+ Kh8 30. Kg2 Re5 31. Rb7 Bd2 32. Bd3 Bc3 33. Rd7
Re3 34. Kf2 Re5 35. h4 Bd4+ 36. Rxd4 1-0

[Event "?"]
[Site "?"]
[Date "2011.06.02"]
[Round "1.20"]
[White "Kaplunov, Vadym"]
[Black "Vaysberg, Alexander"]
[Result "0-1"]
[WhiteElo "1961"]
[BlackElo "2203"]
[PlyCount "132"]
[EventDate "2011.??.??"]
[WhiteTeam "Stuttgarter SF 1879"]
[BlackTeam "SC Gross-Sachsenheim"]

1. d4 Nf6 2. Nf3 g6 3. c4 c5 4. d5 b5 5. cxb5 a6 6. b6 Bg7 7. Nc3 Qxb6 8. e4 d6
9. Be2 O-O 10. O-O Nbd7 11. h3 a5 12. Rb1 Ba6 13. Be3 Bxe2 14. Qxe2 Qa6 15.
Qxa6 Rxa6 16. Rfe1 Rb8 17. Bd2 Ne8 18. b3 Nc7 19. Na4 Nb5 20. Rbc1 Ne5 21. Nxe5
Bxe5 22. f4 Bd4+ 23. Be3 Bxe3+ 24. Rxe3 Nc7 25. Nb2 Rb4 26. Nc4 a4 27. Rd1 axb3
28. axb3 Nb5 29. e5 Na3 30. exd6 exd6 31. Rc1 Kg7 32. Rf3 Nxc4 33. bxc4 Raa4
34. Rfc3 Kf6 35. Kf2 Ra2+ 36. R1c2 Ra1 37. Kf3 h5 38. Re2 Rf1+ 39. Rf2 Rxf2+
40. Kxf2 Kf5 41. Kf3 h4 42. Ke3 Rb2 43. Kf3 Rd2 44. Re3 Rd4 45. g4+ hxg3 46.
Kxg3 Rxc4 47. Re7 Rc3+ 48. Kg2 Kxf4 49. Rxf7+ Ke5 50. Rg7 Rc2+ 51. Kf3 Rh2 52.
Kg3 Rh1 53. Kg2 Rd1 54. Rxg6 Rxd5 55. h4 Kf4 56. Kf2 c4 57. h5 c3 58. Rf6+ Kg5
59. Rg6+ Kxh5 60. Rg1 Rd2+ 61. Ke3 d5 62. Rc1 d4+ 63. Ke4 c2 64. Kf5 Kh4 65.
Kf4 Kh3 66. Kf3 d3 0-1

[Event "?"]
[Site "?"]
[Date "2011.06.02"]
[Round "1.21"]
[White "Szenetra, Werner"]
[Black "Zeh, Rolf"]
[Result "1-0"]
[WhiteElo "2187"]
[BlackElo "1953"]
[PlyCount "103"]
[EventDate "2011.??.??"]
[WhiteTeam "SC Rastatt"]
[BlackTeam "SV 23 Böckingen"]

1. e4 c6 2. d3 d5 3. Nd2 dxe4 4. dxe4 g6 5. Ngf3 Bg7 6. Bc4 Nf6 7. O-O O-O 8.
a4 Bg4 9. h3 Bxf3 10. Qxf3 Nbd7 11. Qe2 Qc7 12. c3 Rad8 13. Bb3 Nc5 14. Bc2 Nh5
15. Qe3 b6 16. Nb3 Ne6 17. g3 c5 18. Bd1 Nf6 19. Be2 Rd7 20. Bb5 Rdd8 21. Qe2
Qe5 22. Re1 Nh5 23. Kg2 Qb8 24. a5 Be5 25. Qg4 Nf6 26. Qh4 Qa8 27. axb6 Qb7 28.
Bh6 Ng7 29. f4 Nxe4 30. Rxa7 Qxb6 31. fxe5 Qxb5 32. Qxe4 Qxb3 33. Rb7 Qe6 34.
Ra1 f5 35. Qe2 Qd5+ 36. Qf3 Qxe5 37. Raa7 Rf7 38. Bg5 Re8 39. Bf4 Qf6 40. Rc7
Ne6 41. Rc6 g5 42. Raa6 Nxf4+ 43. gxf4 e6 44. fxg5 Rg7 45. h4 h6 46. Qh5 Ree7
47. Ra8+ Kh7 48. Rcc8 Rxg5+ 49. hxg5 Qxg5+ 50. Qxg5 hxg5 51. Re8 Rb7 52. Rab8
1-0

[Event "?"]
[Site "?"]
[Date "2011.06.02"]
[Round "1.22"]
[White "Fischer, Gerd"]
[Black "Melzner, Lukas"]
[Result "0-1"]
[WhiteElo "1950"]
[BlackElo "2183"]
[PlyCount "88"]
[EventDate "2011.??.??"]
[WhiteTeam "SC 1926 Haßloch"]
[BlackTeam "SK Klosterlechfeld"]

1. d4 e6 2. Nf3 Nf6 3. Bf4 b6 4. e3 Bb7 5. Nbd2 Be7 6. Be2 O-O 7. h3 d6 8. O-O
Nbd7 9. c3 Ne4 10. Nxe4 Bxe4 11. Nd2 Bb7 12. Bf3 Qc8 13. Bxb7 Qxb7 14. Qf3 Qxf3
15. Nxf3 Nf6 16. Rfe1 Ne4 17. Rad1 Rac8 18. Nd2 Nxd2 19. Rxd2 d5 20. e4 c6 21.
Rde2 Rfd8 22. a4 c5 23. exd5 Rxd5 24. Re5 Rxe5 25. dxe5 Rd8 26. Kf1 Kf8 27. Ke2
Ke8 28. Rd1 Rxd1 29. Kxd1 c4 30. Kc2 Kd7 31. b3 cxb3+ 32. Kxb3 Kc6 33. Kc4 a6
34. Bd2 b5+ 35. axb5+ axb5+ 36. Kd3 Kd5 37. f4 Bc5 38. Be1 Bg1 39. g4 Bh2 40.
Bd2 g5 41. fxg5 Bxe5 42. h4 Bg3 43. h5 e5 44. Be3 Bf4 0-1

[Event "?"]
[Site "?"]
[Date "2011.06.02"]
[Round "1.23"]
[White "Krockenberger, Martin"]
[Black "Schäfer, Daniela"]
[Result "1-0"]
[WhiteElo "2178"]
[BlackElo "1946"]
[PlyCount "49"]
[EventDate "2011.??.??"]
[WhiteTeam "SK Schmiden/Cannstatt"]
[BlackTeam "SF Deizisau"]

1. c4 d6 2. d4 g6 3. e4 Bg7 4. Nf3 e5 5. Be2 Nc6 6. d5 Nce7 7. Nc3 f5 8. exf5
gxf5 9. Ng5 Nf6 10. Bh5+ Ng6 11. Nxh7 Nxh7 12. Bxg6+ Kf8 13. Bh5 Qh4 14. Be2
Bd7 15. g3 Qe7 16. h4 Re8 17. Bd2 e4 18. Qc2 Nf6 19. O-O-O c6 20. Bg5 Bh6 21.
Qd2 Bxg5 22. hxg5 Rxh1 23. Rxh1 Ng4 24. Bxg4 fxg4 25. g6 1-0

[Event "?"]
[Site "?"]
[Date "2011.06.02"]
[Round "1.24"]
[White "Schaffert, Walter"]
[Black "Montigel, Philipp"]
[Result "0-1"]
[WhiteElo "1944"]
[BlackElo "2176"]
[PlyCount "90"]
[EventDate "2011.??.??"]
[WhiteTeam "SG Ludwigsburg 1919"]
[BlackTeam "SV Stuttgart-Wolfbusch 1956 e.V."]

1. e4 e5 2. Nf3 Nc6 3. Bc4 Bc5 4. c3 Nf6 5. d3 d6 6. Bb3 h6 7. O-O O-O 8. Nbd2
a5 9. Re1 Be6 10. Nf1 Bxb3 11. axb3 d5 12. d4 dxe4 13. Nxe5 Nxe5 14. dxe5 Qxd1
15. Rxd1 Ng4 16. Be3 Bxe3 17. Nxe3 Nxe5 18. Rd5 Nc6 19. Rd7 Rac8 20. Nd5 Rfd8
21. Ne7+ Nxe7 22. Rxe7 Rd2 23. Rxe4 Rxb2 24. b4 a4 25. g3 Ra8 26. Kf1 b5 27.
Ree1 Rd8 28. Re2 Rdd2 29. Rxd2 Rxd2 30. c4 c6 31. cxb5 cxb5 32. Rb1 f5 33. h4
a3 34. Ra1 a2 35. Kg2 Kf7 36. Kf3 Rb2 37. Ke3 Ke6 38. f3 g5 39. hxg5 hxg5 40.
g4 f4+ 41. Kd3 Kd5 42. Kc3 Rf2 43. Rd1+ Kc6 44. Kd4 Rd2+ 45. Rxd2 a1=Q+ 0-1

[Event "?"]
[Site "?"]
[Date "2011.06.02"]
[Round "1.25"]
[White "Dorst, Johannes"]
[Black "Rautenberg, Uwe"]
[Result "1-0"]
[WhiteElo "2162"]
[BlackElo "1941"]
[PlyCount "77"]
[EventDate "2011.??.??"]
[WhiteTeam "SK Marburg 1931/72"]
[BlackTeam "SC Ingersheim e.V."]

1. e4 Nc6 2. Nc3 e5 3. f4 d6 4. Nf3 Nf6 5. Bb5 Bg4 6. h3 Bxf3 7. Qxf3 a6 8.
Bxc6+ bxc6 9. fxe5 dxe5 10. d3 h6 11. O-O Be7 12. Be3 Qd6 13. d4 O-O 14. Rad1
Rad8 15. Qf5 Nd7 16. Kh1 Qe6 17. dxe5 Nxe5 18. Qxe6 fxe6 19. Rxf8+ Rxf8 20. b3
c5 21. Na4 c4 22. Nc5 Bxc5 23. Bxc5 Rf4 24. Re1 cxb3 25. axb3 Nc6 26. Kg1 e5
27. Bf2 Rf8 28. Ra1 Ra8 29. Ra4 a5 30. c3 Rd8 31. Rc4 Rd6 32. Kh2 Rf6 33. Bg3
Re6 34. b4 a4 35. b5 Na7 36. Rxc7 Nxb5 37. Rc5 Rb6 38. Bxe5 a3 39. c4 1-0

[Event "?"]
[Site "?"]
[Date "2011.06.02"]
[Round "1.26"]
[White "Baskin, Robert"]
[Black "Schiff, Armin"]
[Result "1/2-1/2"]
[WhiteElo "1940"]
[BlackElo "2160"]
[PlyCount "34"]
[EventDate "2011.??.??"]
[WhiteTeam "SAbt TuS Makkabi Ffm"]
[BlackTeam "SC Reti Heusweiler"]

1. e4 e5 2. Nf3 d6 3. d4 exd4 4. Nxd4 Nf6 5. Nc3 Be7 6. Be2 O-O 7. O-O a6 8. f4
c5 9. Nb3 Nc6 10. Bf3 Qc7 11. Be3 Re8 12. Qe2 Bf8 13. Rad1 Bd7 14. h3 b5 15.
Nd5 Nxd5 16. exd5 Nb4 17. c3 Nc2 1/2-1/2

[Event "?"]
[Site "?"]
[Date "2011.06.02"]
[Round "1.27"]
[White "Haag, Ulrich"]
[Black "Töws, Manuel"]
[Result "1/2-1/2"]
[WhiteElo "2155"]
[BlackElo "1938"]
[PlyCount "54"]
[EventDate "2011.??.??"]
[WhiteTeam "SV Backnang"]
[BlackTeam "BG Buchen"]

1. d4 Nf6 2. c4 e6 3. Nf3 b6 4. g3 Ba6 5. Qa4 Be7 6. Bg2 Bb7 7. Nc3 O-O 8. O-O
d5 9. Ne5 c6 10. Rd1 Nfd7 11. Nxd7 Nxd7 12. e4 Nf6 13. e5 Nd7 14. Be3 a6 15.
cxd5 cxd5 16. Rdc1 b5 17. Qd1 Nb6 18. a4 b4 19. Nb1 a5 20. Nd2 Qd7 21. Bf1 Ba6
22. b3 Qb7 23. Nf3 Rfc8 24. Bd2 Nd7 25. h4 h6 26. Kg2 Rxc1 27. Rxc1 Rc8 1/2-1/2